[Event "40th Olympiad Women"]
[Site "Istanbul TUR"]
[Date "2012.08.30"]
[Round "3.7"]
[Board "2"]
[White "Batchimeg, Tuvshintugs"]
[Black "Kosintseva, Nadezhda"]
[Result "0-1"]
[WhiteTitle "WGM"]
[BlackTitle "GM"]
[WhiteElo "2311"]
[BlackElo "2524"]
[WhiteTeam "Mongolia"]
[BlackTeam "Russia"]
[WhiteFideId "4900839"]
[BlackFideId "4134974"]
[EventDate "2012.08.28"]

1. d4 Nf6 2. c4 e6 3. Nc3 Bb4 4. e3 O-O 5. Bd3 c5 6. Nf3 d5 7. O-O Nc6 8. a3
Bxc3 9. bxc3 Qc7 10. Bb2 dxc4 11. Bxc4 e5 12. h3 Bf5 13. Ba2 Rad8 14. Qe2 Bg6
15. Qb5 a6 16. Qxc5 Bd3 17. Nxe5 Bxf1 18. Nxc6 bxc6 19. Rxf1 Rb8 20. Ba1 Ne4 21.
Qf5 Rfe8 22. c4 g6 23. Qg4 Qa5 24. Bb1 Nd2 25. d5 Qc5 26. Qf4 Qxc4 27. Qxc4 Nxc4
28. dxc6 Nd2 29. Bd3 Nxf1 30. Kxf1 Rbc8 31. Bd4 Rxc6 32. Ke2 Rd8 33. Kd2 f6 34.
Bc2 Kf8 35. Be4 Rc4 36. Bd3 Rcxd4 37. exd4 Rxd4 38. Kc3 Rd6 0-1

[Event "40th Olympiad Women"]
[Site "Istanbul TUR"]
[Date "2012.08.30"]
[Round "3.8"]
[Board "2"]
[White "Gevorgyan, Irina"]
[Black "Foisor, Sabina-Francesca"]
[Result "1-0"]
[WhiteTitle "WFM"]
[BlackTitle "WGM"]
[WhiteElo "2178"]
[BlackElo "2356"]
[WhiteTeam "Uzbekistan"]
[BlackTeam "United States of America"]
[WhiteFideId "14201437"]
[BlackFideId "1212915"]
[EventDate "2012.08.28"]

1. d4 g6 2. e4 Bg7 3. Nf3 c5 4. d5 d6 5. Bb5+ Nd7 6. a4 Nf6 7. Nc3 O-O 8. O-O a6
9. Be2 b6 10. h3 Rb8 11. Re1 Ne8 12. Bg5 h6 13. Bf4 Nc7 14. Qd2 Kh7 15. Bf1 b5
16. axb5 axb5 17. e5 b4 18. Na4 Nb6 19. Nxb6 Rxb6 20. Rad1 Bb7 21. Bc4 Ne8 22.
c3 dxe5 23. Nxe5 Nd6 24. Ba2 b3 25. Bb1 c4 26. h4 f5 27. Qe2 Qc8 28. Nxg6 Kxg6
29. Qg4+ Kf7 30. Rxe7+ Kxe7 31. Qxg7+ Rf7 32. Re1+ Kd7 33. Bxf5+ Kc7 34. Qxf7+ 1-0

[Event "40th Olympiad Women"]
[Site "Istanbul TUR"]
[Date "2012.08.30"]
[Round "3.8"]
[Board "3"]
[White "Goletiani, Rusudan"]
[Black "Tohirjonova, Hulkar"]
[Result "0-1"]
[WhiteTitle "IM"]
[BlackTitle "WFM"]
[WhiteElo "2341"]
[BlackElo "2147"]
[WhiteTeam "United States of America"]
[BlackTeam "Uzbekistan"]
[WhiteFideId "13601105"]
[BlackFideId "14202247"]
[EventDate "2012.08.28"]

1. c4 e5 2. g3 d6 3. Bg2 g6 4. Nc3 Bg7 5. d3 f5 6. Nf3 Nf6 7. Rb1 Nc6 8. O-O O-O
9. b4 a6 10. a4 h6 11. Nd2 Ne7 12. Qb3 Kh7 13. b5 axb5 14. axb5 g5 15. Bb2 Qe8
16. Ra1 Rxa1 17. Rxa1 Qh5 18. h3 g4 19. h4 f4 20. Nce4 Nf5 21. Nxf6+ Bxf6 22.
Be4 Kg7 23. Nf1 fxg3 24. fxg3 Nxh4 25. d4 Nf5 26. b6 Nxd4 27. Bxd4 exd4 28. Qd3
c6 29. Ra7 d5 30. cxd5 cxd5 31. Qb5 Rd8 32. Bc2 Qf7 33. Qd3 Kg8 34. Ra5 Be6 35.
Rc5 Be5 36. Rc7 Bxc7 37. bxc7 Rf8 38. Qg6+ Qxg6 39. Bxg6 Rc8 40. Nd2 Rxc7 41.
Kf2 Kg7 42. Bd3 Kf6 43. Nb3 Ke5 44. Ke1 Rc3 45. Nd2 Bf5 46. Bxf5 Kxf5 47. Kf2 b5 0-1

[Event "40th Olympiad Women"]
[Site "Istanbul TUR"]
[Date "2012.08.30"]
[Round "3.8"]
[Board "4"]
[White "Kurbonboyeva, Sarvinoz"]
[Black "Abrahamyan, Tatev"]
[Result "0-1"]
[BlackTitle "WGM"]
[WhiteElo "2143"]
[BlackElo "2303"]
[WhiteTeam "Uzbekistan"]
[BlackTeam "United States of America"]
[WhiteFideId "14201780"]
[BlackFideId "13301918"]
[EventDate "2012.08.28"]

1. d4 Nf6 2. c4 g6 3. Nc3 Bg7 4. e4 d6 5. Nf3 O-O 6. Be2 e5 7. O-O Nc6 8. d5 Ne7
9. b4 c6 10. Ba3 cxd5 11. cxd5 Bg4 12. Qd2 Rc8 13. Rac1 h5 14. h3 Bxf3 15. Bxf3
Kh7 16. Rc2 Bh6 17. Qe2 Qb6 18. Rb1 Nd7 19. Bc1 Bxc1 20. Rbxc1 Qxb4 21. Rb1 Qa5
22. Rxb7 Rfd8 23. Qe3 Rc7 24. Rxc7 Qxc7 25. Bd1 Qb7 26. Rc1 Nc5 27. Rb1 Qd7 28.
Be2 Kg7 29. Qg3 Kh7 30. Qe3 Rf8 31. f4 exf4 32. Qxf4 f6 33. Nb5 Nc8 34. Rc1 Re8
35. Qxf6 Rxe4 36. Bf3 Re7 37. Nd4 Rf7 38. Qg5 Qe7 39. Qd2 Nb6 40. Re1 Qh4 41.
Ne6 Nxe6 42. Rxe6 Nc4 43. Qf2 Qg5 44. h4 Qc1+ 45. Re1 Qc3 46. Qe2 Ne5 47. Qe3
Rxf3 48. gxf3 Qxe1+ 0-1

[Event "40th Olympiad Women"]
[Site "Istanbul TUR"]
[Date "2012.08.30"]
[Round "3.9"]
[Board "1"]
[White "Danielian, Elina"]
[Black "Harika, Dronavalli"]
[Result "1/2-1/2"]
[WhiteTitle "GM"]
[BlackTitle "GM"]
[WhiteElo "2476"]
[BlackElo "2503"]
[WhiteTeam "Armenia"]
[BlackTeam "India"]
[WhiteFideId "13300210"]
[BlackFideId "5015197"]
[EventDate "2012.08.28"]

1. d4 Nf6 2. Nf3 g6 3. c4 Bg7 4. g3 O-O 5. Bg2 d6 6. O-O Nc6 7. Nc3 a6 8. h3 Bd7
9. e4 e5 10. dxe5 Nxe5 11. c5 Be6 12. cxd6 cxd6 13. Re1 Nxf3+ 14. Qxf3 Nd7 15.
Nd5 Rc8 16. Rd1 Nb6 17. Qb3 Nxd5 18. exd5 Bf5 19. Qxb7 Qa5 20. Bf4 Rc7 21. Qb3
Bc2 22. Qe3 Bxd1 23. Rxd1 Qb4 24. a3 Qa4 25. Re1 Qd7 26. Qb6 Rb7 27. Qc6 Rc8 28.
b4 Bf8 29. Qxa6 Rc3 30. Be3 Bg7 31. Bb6 h5 32. h4 Be5 33. a4 Rxb6 34. Qxb6 Qxa4
35. Qb8+ Kh7 36. Rxe5 dxe5 37. Qxe5 Qxb4 38. d6 Rd3 39. Qe8 Rd1+ 40. Kh2 Kg7 41.
Qe5+ Kh7 42. Qe8 Kg7 43. Qe5+ 1/2-1/2

[Event "40th Olympiad Women"]
[Site "Istanbul TUR"]
[Date "2012.08.30"]
[Round "3.9"]
[Board "2"]
[White "Karavade, Eesha"]
[Black "Mkrtchian, Lilit"]
[Result "1/2-1/2"]
[WhiteTitle "IM"]
[BlackTitle "IM"]
[WhiteElo "2371"]
[BlackElo "2454"]
[WhiteTeam "India"]
[BlackTeam "Armenia"]
[WhiteFideId "5012600"]
[BlackFideId "13300601"]
[EventDate "2012.08.28"]

1. d4 Nf6 2. c4 e6 3. Nc3 Bb4 4. Qc2 d5 5. cxd5 exd5 6. Bg5 h6 7. Bh4 c5 8. dxc5
g5 9. Bg3 Ne4 10. e3 Qa5 11. Rc1 O-O 12. Bd3 Bxc3+ 13. bxc3 Nd7 14. Ne2 Ndxc5
15. f3 Bf5 16. fxe4 dxe4 17. Bc4 Nd3+ 18. Kd2 Rfd8 19. Nd4 Nxc1 20. Kxc1 Rac8
21. Qb3 Rxd4 22. exd4 Be6 23. Bxe6 Rxc3+ 24. Kb1 Rxb3+ 25. Bxb3 Qb4 26. d5 e3
27. d6 Qe4+ 28. Kc1 h5 29. Bc2 Qd4 30. Rd1 Qa1+ 31. Bb1 Qc3+ 32. Bc2 Qa1+ 33.
Bb1 Qc3+ 34. Bc2 Qa1+ 1/2-1/2

[Event "40th Olympiad Women"]
[Site "Istanbul TUR"]
[Date "2012.08.30"]
[Round "3.9"]
[Board "3"]
[White "Galojan, Lilit"]
[Black "Tania, Sachdev"]
[Result "0-1"]
[WhiteTitle "IM"]
[BlackTitle "IM"]
[WhiteElo "2349"]
[BlackElo "2379"]
[WhiteTeam "Armenia"]
[BlackTeam "India"]
[WhiteFideId "13301314"]
[BlackFideId "5007844"]
[EventDate "2012.08.28"]

1. d4 Nf6 2. c4 e6 3. Nf3 b6 4. g3 Bb7 5. Bg2 Be7 6. O-O O-O 7. Re1 d5 8. cxd5
exd5 9. Nc3 Na6 10. Bf4 Re8 11. Rc1 c5 12. Ne5 cxd4 13. Nb5 Bb4 14. Nd3 Bxe1 15.
Qxe1 Ne4 16. Nxd4 Nac5 17. Nxc5 bxc5 18. Nb3 c4 19. Nd2 Nc5 20. Rd1 Nd3 21. Qf1
Nxb2 22. Rb1 c3 23. Nb3 Rc8 24. Rc1 Ba6 25. Bf3 d4 26. Bg4 Rc4 27. h4 h6 28. Bf3
Rc8 29. Bg4 d3 30. Bxc8 dxe2 31. Qe1 Qxc8 32. Rxc3 Qxc3 0-1

[Event "40th Olympiad Women"]
[Site "Istanbul TUR"]
[Date "2012.08.30"]
[Round "3.9"]
[Board "4"]
[White "Gomes, Mary Ann"]
[Black "Kursova, Maria"]
[Result "1/2-1/2"]
[WhiteTitle "WGM"]
[BlackTitle "WGM"]
[WhiteElo "2396"]
[BlackElo "2338"]
[WhiteTeam "India"]
[BlackTeam "Armenia"]
[WhiteFideId "5013623"]
[BlackFideId "4129709"]
[EventDate "2012.08.28"]

1. Nf3 c5 2. g3 Nc6 3. Bg2 e5 4. c4 g6 5. Nc3 Bg7 6. O-O Nge7 7. a3 d6 8. b4 Be6
9. bxc5 dxc5 10. Rb1 b6 11. Ng5 Bd7 12. Nge4 O-O 13. Nd5 Be6 14. Nef6+ Bxf6 15.
Nxf6+ Kg7 16. Ne4 Bxc4 17. d3 Bd5 18. Qd2 f6 19. f4 Bxe4 20. Bxe4 Rc8 21. Bb2
Nd5 22. fxe5 Nxe5 23. Bxe5 fxe5 24. Rxf8 Kxf8 25. Qh6+ Kg8 26. Bxg6 hxg6 27.
Qxg6+ Kh8 28. Qh6+ Kg8 29. Qg6+ Kh8 30. Qh6+ Kg8 31. Qg6+ 1/2-1/2

[Event "40th Olympiad Women"]
[Site "Istanbul TUR"]
[Date "2012.08.30"]
[Round "3.10"]
[Board "1"]
[White "Foisor, Cristina-Adela"]
[Black "Nemcova, Katerina"]
[Result "0-1"]
[WhiteTitle "IM"]
[BlackTitle "WGM"]
[WhiteElo "2402"]
[BlackElo "2276"]
[WhiteTeam "Romania"]
[BlackTeam "Czech Republic"]
[WhiteFideId "1200496"]
[BlackFideId "322750"]
[EventDate "2012.08.28"]

1. c4 Nf6 2. g3 e6 3. Nf3 d5 4. b3 Be7 5. Bg2 O-O 6. O-O b6 7. Bb2 Bb7 8. d3
Nbd7 9. Nbd2 Re8 10. Qc2 c5 11. e3 Qc7 12. Rfe1 Rad8 13. a3 Bf8 14. Rac1 Qb8 15.
e4 dxe4 16. dxe4 e5 17. Nb1 Bd6 18. Nc3 Nf8 19. Nd5 N6d7 20. Bh3 Ne6 21. Bxe6
fxe6 22. Nc3 a6 23. Rcd1 Nf6 24. Re2 Bc7 25. Rxd8 Qxd8 26. Nb1 Qb8 27. Nbd2 Rf8
28. Ne1 Qe8 29. f3 Qh5 30. Nf1 Nd7 31. Rd2 Nb8 32. Qd1 Qe8 33. Ne3 Nc6 34. Rd7
Qc8 35. Rd3 Qe8 36. Ng4 Nd4 37. Nf2 Qf7 38. Kg2 Bc6 39. Re3 h5 40. h4 Qg6 41.
Nh3 Bd8 42. Kh2 Qf7 43. Qd2 Bf6 44. Rd3 Be7 45. Qd1 Bd8 46. Bc1 Bf6 47. Bg5 Qg6
48. Re3 Rd8 49. Qc1 Rd7 50. Qc3 Bb7 51. Qb2 Qe8 52. Qg2 Qd8 53. g4 Bxg5 54. hxg5
h4 55. Qf2 Nxb3 56. Ng2 Nd2 57. Re2 Nxc4 58. Qxh4 g6 59. Qg3 Rd2 60. Rxd2 Nxd2
61. Qf2 Qd4 62. Ne1 Qxf2+ 63. Nxf2 c4 64. Nd1 Nb1 65. Nc2 Bc6 66. Nde3 Ba4 67.
Kg3 b5 68. f4 Bxc2 69. Nxc2 Nd2 70. fxe5 Nxe4+ 71. Kf4 Nc5 72. Ke3 Kf7 73. Kd4
Nd3 74. Ne3 Ke7 75. Ng2 Kd7 76. Nh4 Nf4 77. Nf3 Nd5 78. Nd2 Kc6 79. Ne4 c3 80.
Kd3 a5 81. Nf6 b4 82. axb4 axb4 83. Kc2 Kc5 84. Kd3 b3 0-1

[Event "40th Olympiad Women"]
[Site "Istanbul TUR"]
[Date "2012.08.30"]
[Round "3.10"]
[Board "2"]
[White "Havlikova, Kristyna"]
[Black "Bulmaga, Irina"]
[Result "1-0"]
[WhiteTitle "WIM"]
[BlackTitle "WIM"]
[WhiteElo "2298"]
[BlackElo "2380"]
[WhiteTeam "Czech Republic"]
[BlackTeam "Romania"]
[WhiteFideId "309672"]
[BlackFideId "13903063"]
[EventDate "2012.08.28"]

1. e4 c5 2. Nf3 d6 3. d4 cxd4 4. Nxd4 Nf6 5. Nc3 a6 6. Be2 e5 7. Nb3 Be7 8. O-O
O-O 9. Re1 Be6 10. Bf3 Nbd7 11. a4 Qc7 12. Nd2 Bc4 13. Be2 Bxe2 14. Rxe2 Qc6 15.
Nf1 Rfe8 16. Bg5 Rac8 17. Ne3 h6 18. Bxf6 Nxf6 19. Qd3 Bf8 20. a5 Nd7 21. Na4
Nc5 22. Nxc5 Qxc5 23. Nd5 Qd4 24. Qb3 Rc5 25. c3 Qd3 26. Re3 Qb5 27. Qa2 Rc4 28.
b3 Rcc8 29. c4 Qc6 30. Qe2 Re6 31. Nb6 Rce8 32. b4 Be7 33. Qd3 Bg5 34. Ree1 Rg6
35. Rad1 Bd8 36. Nd5 Qc8 37. Re3 Bh4 38. Rh3 Bg5 39. Rg3 Rge6 40. Qe2 Bh4 41.
Rf3 Bg5 42. g3 Rg6 43. Rf5 Bd8 44. Kg2 Qc6 45. Rh1 Rge6 46. h4 Be7 47. Rf3 Rc8
48. Nb6 Rf8 49. Kh2 Rg6 50. Nd5 Re8 51. Rb1 Bd8 52. Rb2 Qc8 53. Rf5 Rge6 54. Rc2
Rg6 55. Qf3 Rf8 56. Rc3 Re6 57. h5 Qd7 58. Qd1 Qc8 59. Qd3 Rfe8 60. Qf3 Qd7 61.
Qd1 Qc8 62. Qc2 Qd7 63. c5 dxc5 64. Rxc5 Rc6 65. Rxc6 Qxc6 66. Qb3 Qe6 67. Kg2
Rf8 68. Qc3 Re8 69. Qc4 Rf8 70. Qc5 Bf6 71. Qc7 Bg5 72. Qxb7 Rd8 73. b5 axb5 74.
a6 Bd2 75. a7 Qe8 76. Nc7 Qd7 77. a8=Q 1-0

[Event "40th Olympiad Women"]
[Site "Istanbul TUR"]
[Date "2012.08.30"]
[Round "3.10"]
[Board "3"]
[White "L'Ami, Alina"]
[Black "Olsarova, Tereza"]
[Result "1-0"]
[WhiteTitle "WGM"]
[BlackTitle "WIM"]
[WhiteElo "2372"]
[BlackElo "2241"]
[WhiteTeam "Romania"]
[BlackTeam "Czech Republic"]
[WhiteFideId "1210246"]
[BlackFideId "325449"]
[EventDate "2012.08.28"]

1. d4 d5 2. c4 c6 3. Nf3 Nf6 4. Nc3 e6 5. Bg5 dxc4 6. e4 b5 7. e5 h6 8. Bh4 g5
9. Nxg5 hxg5 10. Bxg5 Nbd7 11. exf6 Qa5 12. g3 b4 13. Ne4 Ba6 14. b3 Qd5 15. Qc2
cxb3 16. axb3 Bxf1 17. Kxf1 e5 18. Rc1 Rc8 19. dxe5 Nc5 20. Re1 Nxb3 21. Nd6+
Bxd6 22. exd6+ Kf8 23. Qe4 Qxe4 24. Rxe4 a5 25. Kg2 c5 26. d7 1-0

[Event "40th Olympiad Women"]
[Site "Istanbul TUR"]
[Date "2012.08.30"]
[Round "3.11"]
[Board "1"]
[White "Peng, Zhaoqin"]
[Black "Reizniece-Ozola, Dana"]
[Result "1-0"]
[WhiteTitle "GM"]
[BlackTitle "WGM"]
[WhiteElo "2411"]
[BlackElo "2251"]
[WhiteTeam "Netherlands"]
[BlackTeam "Latvia"]
[WhiteFideId "1004786"]
[BlackFideId "11601124"]
[EventDate "2012.08.28"]

1. c4 g6 2. d4 Bg7 3. e4 d6 4. Nc3 Nf6 5. Bd3 O-O 6. Nge2 c5 7. d5 Nbd7 8. f4 e6
9. O-O exd5 10. exd5 a6 11. a4 Rb8 12. Ng3 Re8 13. h3 Nb6 14. f5 Nbd7 15. Bg5
Qc7 16. Qd2 b5 17. axb5 axb5 18. cxb5 Bb7 19. Kh1 c4 20. Bc2 Qc5 21. Rad1 Qb4
22. Bb1 Rf8 23. Nge4 Nxe4 24. Bxe4 Rfe8 25. Qf2 Ne5 26. f6 Bh8 27. Be3 Nd7 28.
Bd4 Qa5 29. Qf4 Qc7 30. Rf3 Bc8 31. Rdf1 Nf8 32. Bc2 Rb7 33. Re3 Rxe3 34. Qxe3
Bd7 35. b6 Qb8 36. Ne4 Bb5 37. Ra1 Nd7 38. Nc3 Nxb6 39. Bxb6 Bxf6 40. Bd4 Qd8
41. Nxb5 Rxb5 42. Bxf6 Qxf6 43. Qe8+ 1-0

[Event "40th Olympiad Women"]
[Site "Istanbul TUR"]
[Date "2012.08.30"]
[Round "3.11"]
[Board "2"]
[White "Rogule, Laura"]
[Black "Schut, Lisa"]
[Result "1-0"]
[WhiteTitle "WGM"]
[BlackTitle "WIM"]
[WhiteElo "2315"]
[BlackElo "2305"]
[WhiteTeam "Latvia"]
[BlackTeam "Netherlands"]
[WhiteFideId "11601876"]
[BlackFideId "1019481"]
[EventDate "2012.08.28"]

1. c4 Nf6 2. g3 g6 3. Bg2 d5 4. cxd5 Nxd5 5. Nc3 Nxc3 6. bxc3 Bg7 7. Rb1 Nc6 8.
Nf3 O-O 9. O-O b6 10. Qc2 Bb7 11. Rd1 Na5 12. d4 f5 13. d5 Qc8 14. Ng5 Bf6 15.
Ne6 Rf7 16. e4 fxe4 17. Bxe4 Kh8 18. Bf4 c6 19. dxc6 Nxc6 20. Bd5 Nd8 21. Nxd8
Bxd5 22. Rxd5 Rf8 23. Rbd1 e6 24. Nxe6 Qxe6 25. Rd6 Qe7 26. Rd7 Qe6 27. R7d6 Qe7
28. c4 Bg7 29. c5 bxc5 30. Qxc5 Qe2 31. R6d2 Qe6 32. Be3 a6 33. Rd7 Qe5 34. Qa3
Qe6 35. Re7 Qc6 36. Red7 Rae8 37. Qd3 a5 38. Qd5 Qc2 39. Qd2 Qc6 40. Rd6 Qf3 41.
Rd7 a4 42. Rc1 Rb8 43. Bd4 Bxd4 44. Qxd4+ Qf6 45. Qxf6+ Rxf6 46. Rcc7 h5 47. Ra7
h4 48. Kg2 h3+ 49. Kxh3 Rxf2 50. Rxa4 Rf6 51. Raa7 Kg8 52. Kg4 Re6 53. a4 Kf8
54. Kg5 Ke8 55. Rh7 Re5+ 56. Kh6 1-0

[Event "40th Olympiad Women"]
[Site "Istanbul TUR"]
[Date "2012.08.30"]
[Round "3.11"]
[Board "3"]
[White "Haast, Anne"]
[Black "Berzina, Ilze"]
[Result "1/2-1/2"]
[WhiteTitle "WIM"]
[BlackTitle "WGM"]
[WhiteElo "2235"]
[BlackElo "2306"]
[WhiteTeam "Netherlands"]
[BlackTeam "Latvia"]
[WhiteFideId "1017292"]
[BlackFideId "11601345"]
[EventDate "2012.08.28"]

1. e4 e5 2. Nf3 Nc6 3. Bb5 d6 4. c3 Bd7 5. O-O g6 6. d4 Bg7 7. d5 Nb8 8. Bxd7+
Nxd7 9. Be3 Ngf6 10. Nfd2 O-O 11. f3 Nh5 12. c4 f5 13. Nc3 Nf4 14. Kh1 a6 15.
Qc2 Rf7 16. b4 Qf8 17. Nb3 Nf6 18. Rfe1 Bh6 19. a4 Kh8 20. Na5 Rb8 21. b5 axb5
22. axb5 b6 23. Nc6 Re8 24. Ra7 N4h5 25. Qd2 Bxe3 26. Qxe3 fxe4 27. Nxe4 Nxe4
28. Qxe4 Rf4 29. Qe2 Qh6 30. Kg1 Rh4 31. g4 Nf4 32. Qa2 Nd3 33. Ra8 Rxa8 34.
Qxa8+ Kg7 35. Qd8 Nxe1 36. Qe7+ Kh8 37. Qd8+ Kg7 38. Qe7+ Kh8 39. Qd8+ Kg7 1/2-1/2

[Event "40th Olympiad Women"]
[Site "Istanbul TUR"]
[Date "2012.08.30"]
[Round "3.11"]
[Board "4"]
[White "Erneste, Inguna"]
[Black "Van Weersel, Arlette"]
[Result "1/2-1/2"]
[WhiteTitle "WGM"]
[BlackTitle "WIM"]
[WhiteElo "2203"]
[BlackElo "2151"]
[WhiteTeam "Latvia"]
[BlackTeam "Netherlands"]
[WhiteFideId "11600241"]
[BlackFideId "1009877"]
[EventDate "2012.08.28"]

1. e4 e5 2. Nf3 Nc6 3. Bb5 a6 4. Ba4 Nf6 5. O-O Be7 6. Re1 b5 7. Bb3 d6 8. c3
O-O 9. h3 Na5 10. Bc2 c5 11. d4 Qc7 12. Nbd2 Nc6 13. d5 Nd8 14. Nf1 Ne8 15. g4
g6 16. Bh6 Ng7 17. Ng3 f6 18. Qd2 Nf7 19. Be3 Bd7 20. Kh2 Kh8 21. Ng1 Qc8 22.
Qe2 Bd8 23. Rf1 Bb6 24. a4 Rb8 25. axb5 axb5 26. Nf3 Qb7 27. Nd2 c4 28. Bxb6
Qxb6 29. Qe3 Rfc8 30. Qxb6 Rxb6 31. Ra7 Be8 32. Rfa1 Kg8 33. Ra8 Rbb8 34. Rxb8
Rxb8 35. Ne2 Kf8 36. Ra7 Nd8 37. Kg2 Nb7 38. b4 Nd8 39. Kf3 Rb7 40. Ra8 Nf7 41.
Kg3 Nh6 42. f4 Ng8 43. Nf3 h6 44. h4 Ne7 45. Ra6 Nc8 46. Ne1 Ra7 47. Rxa7 Nxa7
48. Nf3 Nc8 49. Ne1 Ne7 1/2-1/2

[Event "40th Olympiad Women"]
[Site "Istanbul TUR"]
[Date "2012.08.30"]
[Round "3.12"]
[Board "1"]
[White "Borosova, Zuzana"]
[Black "Efroimski, Marsel"]
[Result "1/2-1/2"]
[WhiteTitle "WGM"]
[BlackTitle "WIM"]
[WhiteElo "2280"]
[BlackElo "2174"]
[WhiteTeam "Slovakia"]
[BlackTeam "Israel"]
[WhiteFideId "14905779"]
[BlackFideId "2810964"]
[EventDate "2012.08.28"]

1. e4 c6 2. Nc3 d5 3. Nf3 Bg4 4. h3 Bxf3 5. Qxf3 e6 6. d4 dxe4 7. Qxe4 Nf6 8.
Qd3 Bd6 9. g3 O-O 10. Bg2 Nbd7 11. O-O Qc7 12. b3 Rad8 13. Bb2 Qa5 14. a3 Rfe8
15. Rfe1 e5 16. d5 c5 17. a4 a6 18. Re2 Rc8 19. Nd1 e4 20. Qd2 Qxd2 21. Rxd2 c4
22. bxc4 Rxc4 23. Ne3 Rcc8 24. Ba3 Bxa3 25. Rxa3 Rc5 26. Rb3 b5 27. axb5 axb5
28. Bf1 Ne5 29. Rd1 Nc4 30. Bxc4 bxc4 31. Rb4 Rec8 32. d6 g6 33. d7 Rd8 34. g4
Rxd7 35. Rxd7 Nxd7 36. Rxc4 Rxc4 37. Nxc4 Kg7 38. Nd6 Nc5 39. Kf1 Kf6 40. Ke2
Ke6 41. Nb5 Ke5 42. Ke3 f5 43. gxf5 gxf5 44. f4+ exf3 45. Kxf3 Ne4 46. h4 f4 47.
Na7 Nd2+ 48. Ke2 Nc4 49. Kf3 Na5 50. Nb5 Nc6 51. c3 h5 52. Nd4 Ne7 53. c4 Kxd4
54. Kxf4 Ng8 55. Kg5 Ke5 56. c5 Nf6 57. c6 Ne4+ 58. Kxh5 Kd6 59. Kg6 Ng3 60. h5
Ke5 1/2-1/2

[Event "40th Olympiad Women"]
[Site "Istanbul TUR"]
[Date "2012.08.30"]
[Round "3.12"]
[Board "2"]
[White "Klinova, Masha"]
[Black "Pokorna, Regina"]
[Result "1/2-1/2"]
[WhiteTitle "IM"]
[BlackTitle "WGM"]
[WhiteElo "2317"]
[BlackElo "2353"]
[WhiteTeam "Israel"]
[BlackTeam "Slovakia"]
[WhiteFideId "2802015"]
[BlackFideId "14902052"]
[EventDate "2012.08.28"]

1. e4 e5 2. Nf3 Nc6 3. Bc4 Nf6 4. d3 Bc5 5. O-O d6 6. Bb3 a6 7. c3 Ba7 8. Nbd2
O-O 9. h3 Be6 10. Re1 Re8 11. Nf1 h6 12. Ng3 d5 13. Qe2 Qd7 14. Nh2 d4 15. Bxe6
Rxe6 16. c4 b5 17. cxb5 axb5 18. Nf5 Bc5 19. Ng4 Bf8 20. Rf1 Nxg4 21. hxg4 Ne7
22. g5 hxg5 23. Bxg5 f6 24. Nxe7+ Bxe7 25. Bc1 Rea6 26. a3 b4 27. f4 exf4 28.
Bxf4 bxa3 29. bxa3 Rxa3 30. Rxa3 Rxa3 31. Rb1 Ra8 32. Qc2 Bd6 33. Qc4+ Qf7 34.
Qxf7+ Kxf7 35. Bxd6 cxd6 36. Rb4 Ke6 37. Rxd4 Ra5 38. Kf2 1/2-1/2

[Event "40th Olympiad Women"]
[Site "Istanbul TUR"]
[Date "2012.08.30"]
[Round "3.12"]
[Board "4"]
[White "Shvayger, Yuliya"]
[Black "Mrvova, Alena"]
[Result "1/2-1/2"]
[WhiteTitle "WFM"]
[BlackTitle "WIM"]
[WhiteElo "2202"]
[BlackElo "2241"]
[WhiteTeam "Israel"]
[BlackTeam "Slovakia"]
[WhiteFideId "14100126"]
[BlackFideId "14902036"]
[EventDate "2012.08.28"]

1. e4 c5 2. Nf3 d6 3. d4 cxd4 4. Nxd4 Nf6 5. Nc3 e6 6. g4 a6 7. g5 Nfd7 8. Be3
b5 9. a3 Bb7 10. Qh5 g6 11. Qh3 Nc5 12. Bg2 e5 13. Nde2 Ne6 14. Qg3 h6 15. gxh6
Bxh6 16. Bxh6 Rxh6 17. O-O-O g5 18. Nd5 Bxd5 19. exd5 Nf4 20. Nxf4 exf4 21. Qc3
Kf8 22. h4 g4 23. Rd4 Nd7 24. Rxf4 Ne5 25. Qg3 Rc8 26. Be4 Rc5 27. f3 gxf3 28.
Rg1 Rh8 29. Qg7+ Ke7 30. Rg5 Qf8 31. Rxe5+ dxe5 32. Qxe5+ Kd8 33. Qb8+ Ke7 34.
Qa7+ Ke8 35. Bxf3 Rc4 36. Qa8+ Kd7 37. Bg4+ f5 38. Bxf5+ Kd6 39. Qxa6+ Ke5 40.
Rf1 Qh6+ 41. Qxh6 Rxh6 42. Bd3 Rcxh4 43. Bxb5 Kxd5 44. Kd2 Rb6 45. a4 Kc5 46.
Rf3 Kb4 47. b3 Rh2+ 48. Kc1 Ka3 49. Rf1 Rd6 50. Rd1 Rxd1+ 51. Kxd1 Kb4 52. Bd3
Rg2 53. Ke1 Rh2 54. Be2 Kc3 55. Bd3 Kb4 56. Kf1 Rd2 57. Be4 Rh2 58. Ke1 Rh4 59.
Bf3 Rh2 60. Kd1 Kc3 61. Be4 Kb4 62. Bd3 Rg2 63. Bc4 Kc3 64. Bd3 Kb4 65. Ke1 Rh2
66. Be2 Kc3 67. a5 Kxc2 68. b4 Kb3 69. b5 Kb4 70. a6 Ka5 71. a7 1/2-1/2

[Event "40th Olympiad Women"]
[Site "Istanbul TUR"]
[Date "2012.08.30"]
[Round "3.13"]
[Board "3"]
[White "Fernandez, Maria Florencia"]
[Black "Kaya, Emel"]
[Result "1-0"]
[BlackTitle "WCM"]
[WhiteElo "2160"]
[BlackElo "1974"]
[WhiteTeam "Argentina"]
[BlackTeam "Turkey"]
[WhiteFideId "116459"]
[BlackFideId "6306411"]
[EventDate "2012.08.28"]

1. d4 Nf6 2. c4 e6 3. Nc3 Bb4 4. e3 O-O 5. Bd3 d5 6. Nf3 c5 7. O-O dxc4 8. Bxc4
Bd7 9. Bd3 Bc6 10. Ne5 Bxc3 11. bxc3 Qa5 12. c4 Rd8 13. Bb2 Ba4 14. Qf3 cxd4 15.
exd4 Nc6 16. d5 Qd2 17. Nxc6 bxc6 18. Bc1 Qb4 19. Bg5 cxd5 20. Bxf6 gxf6 21.
Qxf6 Qf8 22. cxd5 Qg7 23. Qe7 Rxd5 24. Be4 Re8 25. Qxa7 Rd4 26. Bf3 e5 27. g3
Qf6 28. Bg2 e4 29. Rab1 Bc2 30. Rb8 Rxb8 31. Qxb8+ Qd8 32. Qf4 Qd6 33. Qg4+ 1-0

[Event "40th Olympiad Women"]
[Site "Istanbul TUR"]
[Date "2012.08.30"]
[Round "3.13"]
[Board "4"]
[White "Cemhan, Kardelen"]
[Black "Martinez, Ayelen"]
[Result "1/2-1/2"]
[WhiteTitle "WCM"]
[WhiteElo "1938"]
[BlackElo "2095"]
[WhiteTeam "Turkey"]
[BlackTeam "Argentina"]
[WhiteFideId "6325670"]
[BlackFideId "118702"]
[EventDate "2012.08.28"]

1. e4 c5 2. Nf3 d6 3. d4 cxd4 4. Nxd4 Nf6 5. f3 e5 6. Nb3 d5 7. Bg5 Be6 8. Bxf6
gxf6 9. exd5 Bxd5 10. Nc3 Bb4 11. Qd3 Nc6 12. O-O-O Be6 13. Qxd8+ Rxd8 14. Rxd8+
Kxd8 15. Ne4 Be7 16. Nec5 Bc8 17. Bc4 b6 18. Ne4 f5 19. Rd1+ Kc7 20. Nc3 Bg5+
21. Kb1 Be6 22. Nb5+ Kb8 23. Bxe6 fxe6 24. c3 Rd8 25. Rxd8+ Nxd8 26. Kc2 a6 27.
Nd6 Kc7 28. Nc4 Nf7 29. Kd3 Kc6 30. Nbd2 Bd8 31. a4 Bc7 32. g3 Ng5 33. Ke2 h6
34. h4 Nh7 35. g4 Nf6 36. g5 hxg5 37. hxg5 Nd5 38. Ne3 Nf4+ 39. Kd1 Bd8 40. Nc2
Bxg5 41. Nb4+ Kb7 42. Nc4 a5 43. Nc2 Bf6 44. N2e3 Nd5 45. Nxd5 exd5 46. Nd6+ Kc6
47. Nxf5 Kc5 48. Kc2 Bg5 49. Kd3 Bf6 50. Ng3 Be7 51. Nf5 Bg5 1/2-1/2